Etické míľniky profesionalizácie sociálnej práce (americká, československá a slovenská perspektíva)

Etika je predstavená ako integrálna súčasť procesu profesionalizácie sociálnej práce od jej počiatku až po súčasnosť. Analýza miesta a úlohy etiky v procese profesionalizácie sociálnej práce z diachrónneho hľadiska a predstavenie vybraných etických míľnikov tohto procesu.

Guardado en:
Detalles Bibliográficos
Autor principal: Mátel, Andrej
Formato: Capítulo de libro
Lenguaje:eslovaco
Materias:
Etiquetas: Agregar Etiqueta
Sin Etiquetas, Sea el primero en etiquetar este registro!

MARC

LEADER 00000naa a2200000 4500
001 0279444
005 20240417075146.7
041 0 |a slo 
044 |a SK 
245 1 0 |a Etické míľniky profesionalizácie sociálnej práce (americká, československá a slovenská perspektíva)  |c Andrej Mátel 
520 |a Etika je predstavená ako integrálna súčasť procesu profesionalizácie sociálnej práce od jej počiatku až po súčasnosť. Analýza miesta a úlohy etiky v procese profesionalizácie sociálnej práce z diachrónneho hľadiska a predstavenie vybraných etických míľnikov tohto procesu. 
610 2 0 |a práca sociálna 
610 2 0 |a profesiografia 
610 2 0 |a vzdelávanie 
610 2 0 |a etika 
610 2 0 |a pracovníci sociálni 
610 2 0 |a kódexy etické 
100 1 |a Mátel, Andrej